Estatísticas para Nigéria

Clique aqui para jogar o quiz

Estatísticas Gerais

  • Esse quiz foi jogado 7 vezes
  • A pontuação média é 7 de 13

Estatísticas das Respostas

HintResposta% Correto
Qual é a sua capital?Abuja
100%
Onde fica?África
100%
Qual é o seu idioma?Inglês
100%
Com que país faz fronteira a Norte?Níger
100%
De que país é independente?Reino Unido
100%
Qual é a sua cidade mais populosa?Lagos
60%
Qual é o seu código ISO?NGA
60%
Qual é a sua religião?Cristianismo
40%
Qual é o desporto mais popular?Futebol
40%
Com que país faz fronteira a Oeste?Beni
20%
Qual é a sua moeda?Naira
20%
Qual é o seu ponto mais alto?Montanhas Gotel
0%
Por que nome é conhecida a indústria cinematográfica do país?Nollywood
0%

Distribuição das Pontuações

Percentil de Números Respondidos

Porcentagem de Pessoas com Cada Pontuação

Sua Pontuação Histórica

Você não jogou esse quiz